| 000 | 00454nam a22001697a 4500 | ||
|---|---|---|---|
| 003 | OSt | ||
| 005 | 20260318165144.0 | ||
| 008 | 260318b |||||||| |||| 00| 0 Pun d | ||
| 020 | _a9788119838431 | ||
| 040 | _cBGL | ||
| 100 | _aਨਰੇਸ਼ ਡਾ | ||
| 245 | _aਬੋਲ ਮਿੱਟੀ ਦੀਆ ਬਾਵਿਆ ਭਾਗ ਪਹਿਲਾ | ||
| 260 |
_aDelhi _bNavyog Publishers _c2024 |
||
| 300 | _a313p | ||
| 650 | _aPunjabi | ||
| 942 |
_2ddc _cGB |
||
| 999 |
_c44311 _d44311 |
||